Índice de la colección de Don Luis de Salazar y Castro (Record no. 174903)

MARC details
000 -LEADER
campo de control de longitud fija 01531nmm a2200301 i 4500
001 - NÚMERO DE CONTROL
campo de control 174903
003 - IDENTIFICADOR DE NÚMERO DE CONTROL
campo de control ES-MaACL
005 - FECHA Y HORA DE LA ÚLTIMA TRANSACCIÓN
campo de control 20251011063155.0
008 - DATOS DE LONGITUD FIJA--INFORMACIÓN GENERAL
campo de control de longitud fija 100623s2003 sp m |c | o001 0dspa d
080 ## - NÚMERO DE LA CLASIFICACIÓN DECIMAL UNIVERSAL
Número de la Clasificación Decimal Universal 929 Salazar y Castro, Luis de
080 ## - NÚMERO DE LA CLASIFICACIÓN DECIMAL UNIVERSAL
Número de la Clasificación Decimal Universal 017.1(460.27 M.)
100 0# - ENTRADA PRINCIPAL--NOMBRE DE PERSONA
Nombre de persona Vargas-Zúñiga y Montero de Espinosa, Antonio de,
Títulos y otros términos asociados al nombre Marqués de Siete Iglesias
9 (RLIN) 113220
245 10 - MENCIÓN DEL TÍTULO
Título Índice de la colección de Don Luis de Salazar y Castro
Resto del título : Madrid, 1949-1979 (49 v.) [
Medio Recurso electrónico] /
Mención de responsabilidad, etc. formado por Antonio de Vargas Zúñiga y Montero de Espinosa, Marqués de Siete Iglesias, y Baltasar Cuartero y Huerta.
246 3# - FORMA VARIANTE DEL TITULO
Título propio/Titulo breve Catálogo de la Colección Salazar y Castro
Resto del título : índice [
Medio Recurso electrónico]
246 38 - FORMA VARIANTE DEL TITULO
Título propio/Titulo breve Colección Salazar y Castro
Resto del título : índice [
Medio CD-ROM]
256 ## - CARACTERÍSTICAS DEL ARCHIVO DE ORDENADOR
Características del archivo de ordenador Datos.
260 ## - PUBLICACIÓN, DISTRIBUCIÓN, ETC.
Lugar de publicación, distribución, etc. [Bilbao] :
Nombre del editor, distribuidor, etc. Dirección de Patrimonio Cultural,
Fecha de publicación, distribución, etc. [2003]
300 ## - DESCRIPCIÓN FÍSICA
Extensión 1 disco (CD-ROM) ;
Dimensiones 12 cm.
594 ## - Nota al título y mención de responsabilidad
Nota al título y mención de responsabilidad En la pantalla del tít.: IRARGI, Centro de Patrimonio Documental de Euskadi ; Real Academia de la Historia.
600 14 - PUNTO DE ACCESO ADICIONAL DE MATERIA--NOMBRE DE PERSONA
Nombre de persona Salazar y Castro, Luis de,
Fechas asociadas al nombre 1658-1734-
Subdivisión general Archivo-
Subdivisión de forma Catálogos
9 (RLIN) 101832
610 24 - PUNTO DE ACCESO ADICIONAL DE MATERIA--NOMBRE DE ENTIDAD CORPORATIVA
Nombre de entidad corporativa o nombre de jurisdicción como elemento de entrada Real Academia de la Historia (España).
Unidad subordinada Biblioteca-
Subdivisión de forma Catálogos.
9 (RLIN) 6313
700 1# - ENTRADA AGREGADA--NOMBRE PERSONAL
Nombre de persona Cuartero y Huerta, Baltasar.
9 (RLIN) 41919
710 2# - ENTRADA AGREGADA--NOMBRE DE ENTIDAD CORPORATIVA
Nombre de entidad corporativa o nombre de jurisdicción como elemento de entrada Real Academia de la Historia (España)
9 (RLIN) 6309
710 2# - ENTRADA AGREGADA--NOMBRE DE ENTIDAD CORPORATIVA
Nombre de entidad corporativa o nombre de jurisdicción como elemento de entrada Centro de Patrimonio Documental de Euskadi.
9 (RLIN) 143168
852 4# - LOCALIZACIÓN
Ubicación ES-MaACL
Número de control de estantería ROT 2/6/5
852 4# - LOCALIZACIÓN
Ubicación ES-MaACL
Número de control de estantería ROT 2/6/6
Holdings
Estatus retirado Estado de pérdida Fuente del sistema de clasificación o colocación Estado de daño No para préstamo Biblioteca de origen Biblioteca actual Ubicación en estantería Fecha de adquisición Total de préstamos Signatura topográfica completa Código de barras Visto por última vez Precio de reemplazo Tipo de ítem Koha
    Clasificación decimal universal     Biblioteca del Ateneo de Madrid Biblioteca del Ateneo de Madrid Rotativo 23/06/2010   ROT 2/6/6 1183630 23/02/2023 23/02/2023 Archivo de ordenador en CD-ROM, CD o disquete
    Clasificación decimal universal     Biblioteca del Ateneo de Madrid Biblioteca del Ateneo de Madrid Rotativo 23/06/2010   ROT 2/6/5 1183629 23/02/2023 23/02/2023 Archivo de ordenador en CD-ROM, CD o disquete